Ústav pamäti národa = Nation ́s memory institute : informačný sprievodca /
Saved in:
| Corporate Author: | |
|---|---|
| Format: | Book |
| Language: | Slovak English |
| Published: |
Bratislava :
Ústav pamäti národa,
2011
|
| Edition: | [1. vyd.] |
| Subjects: | |
| ISBN: | 9788089335404 |
| Online Access: |
|
| Tags: |
Add Tag
No Tags, Be the first to tag this record!
|
MARC
| LEADER | 00000nam a2200000 4500 | ||
|---|---|---|---|
| 003 | SK-BrCVT | ||
| 005 | 20220617231901.0 | ||
| 008 | 110510s2011 xo e ||||||slo d | ||
| 020 | |a 9788089335404 | ||
| 035 | |a CVTIDW0007370 | ||
| 040 | |b slo |a CVTI SR |e AACR2 | ||
| 041 | 0 | |a slo |a eng | |
| 044 | |a xo | ||
| 080 | |a 323.22/.28 |2 UDC-MRF | ||
| 110 | 1 | |a Ústav pamäti národa (Bratislava) |4 org | |
| 245 | 1 | 0 | |a Ústav pamäti národa = |b Nation ́s memory institute : informačný sprievodca / |c Ústav pamäti národa |
| 250 | |a [1. vyd.] | ||
| 260 | |a Bratislava : |b Ústav pamäti národa, |c 2011 | ||
| 300 | |a [54 s.] ; |c 18 cm |b fotogr., tab. ; | ||
| 653 | 1 | |a vnútorná politika | |
| 653 | 1 | |a bezpečnostná zložka štátu | |
| 653 | 1 | |a protikomunistický odboj | |
| 653 | 1 | |a politické prenasledovanie | |
| 910 | |b A613451 | ||
| 919 | |a 978-80-89335-40-4 | ||
| 959 | |a 02 | ||
| 974 | |a jana.rakovicka |f Knihy | ||
| 992 | |a ASP | ||
| 999 | |c 168695 |d 168695 | ||

